[Event "SLO-chT2 Ost"]
[Site "Slovenia"]
[Date "2021.09.18"]
[Round "2.1"]
[White "Radej, Filip"]
[Black "Milanov, Timotej"]
[Result "1/2-1/2"]
[WhiteElo "1392"]
[BlackElo "1691"]
[PlyCount "60"]
[EventDate "2021.09.11"]
[EventType "team-tourn"]
[EventRounds "9"]
[EventCountry "SLO"]
[SourceTitle "EXT 2024"]
[Source "ChessBase"]
[SourceDate "2023.10.10"]
[SourceVersion "1"]
[SourceVersionDate "2023.10.10"]
[SourceQuality "1"]
[WhiteTeam "Krsko Triglav II"]
[BlackTeam "Pomgrad SD III"]
[WhiteTeamCountry "SLO"]
[BlackTeamCountry "SLO"]

1. d4 Nf6 2. c4 g6 3. Nf3 d5 4. Bg5 c6 5. e3 Bg7 6. Be2 0-0 7. 0-0 Bf5 8. Nc3 dxc4 9. Bxc4 Nbd7 10. h3 Nb6 11. Bb3 Ne4 12. Nxe4 Bxe4 13. Rc1 Rc8 14. Qe2 Qd6 15. Rfd1 Bd5 16. Bxd5 cxd5 17. Bf4 Qd7 18. b3 Rxc1 19. Rxc1 Rc8 20. Qd2 Rxc1+ 21. Qxc1 Qc6 22. Qxc6 bxc6 23. Be5 Nd7 24. Bxg7 Kxg7 25. b4 f6 26. Kf1 e5 27. dxe5 fxe5 28. Ke2 Kf6 29. Nd2 Ke6 30. Nb3 Kd6 1/2-1/2

[Event "SLO-chT2 Ost"]
[Site "Slovenia"]
[Date "2021.09.11"]
[Round "1.1"]
[White "Rozman, Roman"]
[Black "Milanov, Timotej"]
[Result "1-0"]
[WhiteElo "1765"]
[BlackElo "1691"]
[PlyCount "144"]
[EventDate "2021.09.11"]
[EventType "team-tourn"]
[EventRounds "9"]
[EventCountry "SLO"]
[SourceTitle "EXT 2024"]
[Source "ChessBase"]
[SourceDate "2023.10.10"]
[SourceVersion "1"]
[SourceVersionDate "2023.10.10"]
[SourceQuality "1"]
[WhiteTeam "Ptuj SD II"]
[BlackTeam "Pomgrad SD III"]
[WhiteTeamCountry "SLO"]
[BlackTeamCountry "SLO"]

1. d4 Nf6 2. c4 g6 3. Nc3 d5 4. e3 Bg7 5. Nf3 0-0 6. Qc2 Bf5 7. Bd3 Bxd3 8. Qxd3 c5 9. dxc5 e6 10. Rb1 a5 11. cxd5 Nxd5 12. Nxd5 exd5 13. 0-0 Na6 14. Rd1 Nb4 15. Qb3 Qc7 16. a3 Na6 17. Rxd5 Rad8 18. Bd2 Rxd5 19. Qxd5 Rd8 20. Qc4 Qxc5 21. Qxc5 Nxc5 22. Bxa5 Ra8 23. Bb4 Nd3 24. b3 Bb2 25. Ne1 Nxb4 26. axb4 Bc3 27. b5 Ra5 28. Kf1 Rxb5 29. Nd3 Ra5 30. b4 Ra2 31. Nc5 b6 32. Ne4 Be5 33. f4 f5 34. fxe5 fxe4 35. Rd1 Kf7 36. Rd4 Ke6 37. Rxe4 Kf5 38. Rc4 Kxe5 39. Rc6 b5 40. Rc5+ Ke4 41. Rxb5 Kxe3 42. Re5+ Kf4 43. Re2 Ra1+ 44. Re1 Ra2 45. Rb1 Ra6 46. b5 Rb6 47. Ke2 Ke4 48. Rb4+ Kd5 49. Kf3 h5 50. Kf4 Ke6 51. Ke4 g5 52. Kd4 Kd6 53. Kc4 Kc7 54. Rb2 Rf6 55. b6+ Kb7 56. Rb5 Rf4+ 57. Kd3 Rg4 58. Rb2 Ra4 59. Ke3 h4 60. Rb5 g4 61. Rh5 Ra2 62. Rxh4 Rxg2 63. Rh6 g3 64. h4 Rf2 65. Rg6 Rh2 66. Rg4 g2 67. Kf2 Kxb6 68. Kg1 Rh1+ 69. Kxg2 Rb1 70. h5 Kc6 71. h6 Kd6 72. h7 Rb2+ 1-0

[Event "SLO-chT2 East"]
[Site "Slovenia"]
[Date "2018.10.13"]
[Round "5"]
[White "Milanov, Timotej"]
[Black "Majcenovic, Martin"]
[Result "1-0"]
[WhiteElo "1570"]
[BlackElo "1880"]
[PlyCount "103"]
[EventDate "2018.09.15"]
[EventType "team-tourn"]
[EventRounds "9"]
[EventCountry "SLO"]
[SourceTitle "EXT 2021"]
[Source "ChessBase"]
[SourceDate "2020.10.23"]
[SourceVersion "1"]
[SourceVersionDate "2020.10.23"]
[SourceQuality "1"]
[WhiteTeam "Ljutomer Radenska"]
[BlackTeam "Ptuj SD II"]
[WhiteTeamCountry "SLO"]
[BlackTeamCountry "SLO"]

1. d4 d5 2. c4 e6 3. Nf3 Nf6 4. Nc3 c6 5. cxd5 exd5 6. Bg5 Bf5 7. e3 Bb4 8. a3 Bxc3+ 9. bxc3 Qa5 10. Qb3 Nbd7 11. Be2 0-0 12. 0-0 b6 13. Bf4 Ne4 14. Rac1 b5 15. Rfd1 Bg4 16. h3 Bxf3 17. Bxf3 f5 18. Be2 g5 19. Bh2 Rf6 20. Bd3 Raf8 21. f3 Nd6 22. Be5 Re6 23. f4 gxf4 24. exf4 Ne4 25. Bxe4 fxe4 26. Re1 Nxe5 27. fxe5 Rfe8 28. Re3 Kh8 29. Rf1 Qc7 30. Qb4 Qe7 31. Rg3 Rg8 32. Rxg8+ Kxg8 33. g4 a6 34. Rf5 Qxb4 35. axb4 Re7 36. g5 a5 37. bxa5 Ra7 38. Rf6 Rxa5 39. Rxc6 e3 40. Kf1 Ra2 41. Rc5 Kf7 42. Rxd5 Ke6 43. Rxb5 Kf5 44. e6+ Kxe6 45. Re5+ Kd6 46. Rxe3 Kd5 47. Kg1 Kc4 48. h4 Rd2 49. h5 Rb2 50. g6 hxg6 51. hxg6 Rb7 52. Rg3 1-0

[Event "SLO-chT2 East"]
[Site "Slovenia"]
[Date "2018.09.29"]
[Round "2"]
[White "Zvarc, Tomaz"]
[Black "Milanov, Timotej"]
[Result "0-1"]
[WhiteElo "1753"]
[BlackElo "1570"]
[PlyCount "100"]
[EventDate "2018.09.15"]
[EventType "team-tourn"]
[EventRounds "9"]
[EventCountry "SLO"]
[SourceTitle "EXT 2021"]
[Source "ChessBase"]
[SourceDate "2020.10.23"]
[SourceVersion "1"]
[SourceVersionDate "2020.10.23"]
[SourceQuality "1"]
[WhiteTeam "Kamnica"]
[BlackTeam "Ljutomer Radenska"]
[WhiteTeamCountry "SLO"]
[BlackTeamCountry "SLO"]

1. e4 c5 2. Nf3 d6 3. Nc3 Nc6 4. h3 Nf6 5. Bc4 e6 6. d3 Be7 7. 0-0 0-0 8. a3 a6 9. Nh2 b5 10. Ba2 Bb7 11. f4 Qc7 12. Ng4 b4 13. axb4 cxb4 14. Na4 Nd4 15. c4 Nxg4 16. hxg4 Bc6 17. Be3 Bxa4 18. Qxa4 Qc5 19. Qd1 a5 20. Bb3 Bd8 21. Ba4 Bb6 22. Re1 Qc7 23. b3 Qa7 24. Kf2 f5 25. g3 fxg4 26. Ra2 Nf3 27. Bxb6 Qxb6+ 28. Re3 Rf6 29. d4 Rh6 30. Rxf3 Rh2+ 31. Ke3 Rxa2 32. Rf2 Rxf2 33. Kxf2 h5 34. Ke3 e5 35. Bd7 Kf7 36. fxe5 dxe5 37. c5 Qh6+ 38. Ke2 Qf6 39. Bf5 exd4 40. Qd3 g6 41. Bd7 Rf8 42. c6 Kg7 43. Kd2 Qf2+ 44. Kd1 Qg1+ 45. Kd2 Rf2+ 46. Qe2 Rxe2+ 47. Kxe2 Qe3+ 48. Kf1 d3 49. c7 Qc1+ 50. Kf2 Qxc7 0-1